Zákon o dani z príjmov s komentárom

Najdôležitejšie zmeny zákona o dani z príjmov po novelách od roku 2019. Ilustračné príklady.

Saved in:
Bibliographic Details
Main Author: Brnová, Miroslava
Other Authors: Vidová, Michaela, Murínová, Mária
Format: Book Chapter
Language:Slovak
Subjects:
Tags: Add Tag
No Tags, Be the first to tag this record!

MARC

LEADER 00000naa a2200000 4500
001 0251339
005 20190226080510.1
041 0 |a slo 
044 |a SK 
245 1 0 |a Zákon o dani z príjmov s komentárom  |c Miroslava Brnová, Michaela Vidová, Mária Murínová 
520 |a Najdôležitejšie zmeny zákona o dani z príjmov po novelách od roku 2019. Ilustračné príklady. 
610 2 0 |a zákony 
610 2 0 |a novelizácia 
610 2 0 |a Slovensko 
610 2 0 |a dane z príjmov 
100 1 |a Brnová, Miroslava 
700 1 |a Vidová, Michaela 
700 1 |a Murínová, Mária